Progressively Faster Typing Slideshow Quiz Stats

 Plays Quiz Updated Feb 18, 2020

Support Sporcle.
Go Orange.
Score 0/19 Timer 03:00
0 Plays Today
% Correct
WEIGHT
98.5%
BUCKLE
97.9%
FORBID
96.4%
POCKET
91.6%
FAUCET
91.4%
ISLAND
91%
SAMPLE
88.8%
PIGEON
88.7%
JUDGES
86.7%
MONKEY
86.5%
% Correct
ORANGE
86.3%
THREAD
83.3%
WIZARD
80.8%
CARBON
80.8%
REASON
68.7%
LAWYER
55.2%
PREFIX
42.3%
QUIVER
27.3%
MYSELF
22.9%

You're not logged in!

Compare scores with friends on all Sporcle quizzes.
OR
Log In

From the Vault

Finish the Famous Beatles Lyric II

by lolshortee

Just sing along, it'll help.
Remove Ads.
Support Sporcle.
Get the best of Sporcle when you Go Orange. This ad-free experience offers more features, more stats, and more fun while also helping to support Sporcle. Thank you for becoming a member.

Show Comments

Extras

Top Quizzes Today


Score Distribution

Your Account Isn't Verified!

In order to create a playlist on Sporcle, you need to verify the email address you used during registration. Go to your Sporcle Settings to finish the process.

Report this User

Report this user for behavior that violates our Community Guidelines.

Details: